=LDR 00000nam 2200000 4500 =001 INLIS000000000031619 =005 20130612133700 =008 ***********************************ind** =035 ##$$0010-061300000031619 =041 ##$$a ind =082 ##$$a F Rom K =090 ##$$a F Rom k, Akb, b =100 ##$$a AKBAR, Rasyid =245 ##$$a Bimbi dan kindi, Akbar Rasyid; Penyunting, Dana Anggara =250 ##$$a Seri Pengantar Tidur. 8 =260 ##$$a 2008 $b Jakarta =300 ##$$a 28 hlm, ilus, 21 Cm =650 ##$$a FIKSI ANAK_ANAK =700 ##$$a ANGGARA,DANA =850 ##$$a NBPNMAT